El Ingenioso Hidalgo Don Quijote de la Mancha (Record no. 2245)

MARC details
000 -CABECERA
campo de control de longitud fija 01903nam a2200349 a 4500
001 - NÚMERO DE CONTROL
campo de control BRCA_2504
005 - FECHA Y HORA DE LA ÚLTIMA TRANSACCIÓN
campo de control 20190320203836.0
008 - DATOS DE LONGITUD FIJA--INFORMACIÓN GENERAL
campo de control de longitud fija 241108s1857----sp-a---###---#000-0dspa-u
041 ## - CÓDIGO DE LENGUA
Código de lengua del texto/banda sonora o título independiente spa
044 ## - CÓDIGO DEL PAÍS DE LA ENTIDAD EDITORA/PRODUCTORA
Código MARC del país sp
084 ## - OTRO NÚMERO DE CLASIFICACIÓN
Número de clasificación 144
Número de documento/Ítem .P58
-- 1857
100 1# - ENTRADA PRINCIPAL--NOMBRE DE PERSONA
Nombre de persona Cervantes Saavedra, Miguel de
Fechas asociadas al nombre 1547-1616
9 (RLIN) 213
245 10 - MENCIÓN DE TÍTULO
Título El Ingenioso Hidalgo Don Quijote de la Mancha
Mención de responsabilidad, etc. compuesto por Miguel de Cervantes Saavedra.
260 ## - PUBLICACIÓN, DISTRIBUCIÓN, ETC.
Lugar de publicación, distribución, etc. Madrid : Barcelona
Nombre del editor, distribuidor, etc. Libreria española el plus ultra
Fecha de publicación, distribución, etc. 1857
300 ## - DESCRIPCIÓN FÍSICA
Extensión 2 v.
Otras características físicas il.
Dimensiones 20 cm.
500 ## - NOTA GENERAL
Nota general Contenido : v 1. Primera parte. Noticia sobre la vida y obra de Cervantes por L. Viardot. Dedicatoria del autor. Prólogo del autor. Versos preliminares. texto. -- v 2. Segunda parte. Dedicatoria del autor. Dedicatoria del autor. Prólogo del autor. Texto
500 ## - NOTA GENERAL
Nota general Edición : Ilustrada con las notas de Pellicer, Clemencín y otros
500 ## - NOTA GENERAL
Nota general El tomo I va precedido de Noticia sobre la Vida y escritos de Cervantes, compilada por L. Viardot. Imprenta de Luis Tasso. Los dibujos son copia de los de Tony Johannot, toscamente grabados por Martínez. Edición económica. Semipiel; lomeras decoradas con letras y filetes dorados Lúdovik Osterc
500 ## - NOTA GENERAL
Nota general Estado físico : Primeras hojas del volumen 2 a punto de desprenderse
500 ## - NOTA GENERAL
Nota general QM144
650 14 - PUNTO DE ACCESO ADICIONAL DE MATERIA--TÉRMINO DE MATERIA
Término de materia o nombre geográfico como elemento de entrada Novela española
Subdivisión cronológica Época clásica, 1500-1700
9 (RLIN) 215
650 14 - PUNTO DE ACCESO ADICIONAL DE MATERIA--TÉRMINO DE MATERIA
Término de materia o nombre geográfico como elemento de entrada Literatura española
Subdivisión cronológica Época clásica, 1500-1700
9 (RLIN) 216
650 14 - PUNTO DE ACCESO ADICIONAL DE MATERIA--TÉRMINO DE MATERIA
Término de materia o nombre geográfico como elemento de entrada Novela española
Subdivisión cronológica Siglo XVII
9 (RLIN) 217
650 14 - PUNTO DE ACCESO ADICIONAL DE MATERIA--TÉRMINO DE MATERIA
Término de materia o nombre geográfico como elemento de entrada Don Quijote (Personaje ficticio)
Término indicativo de función/relación Novela
9 (RLIN) 218
700 1# - PUNTO DE ACCESO ADICIONAL--NOMBRE DE PERSONA
Nombre de persona Pellicer y Pilares, Juan Antonio
Fechas asociadas al nombre 1738-1806
Término indicativo de función/relación Biógrafo
9 (RLIN) 7203
700 1# - PUNTO DE ACCESO ADICIONAL--NOMBRE DE PERSONA
Nombre de persona Clemencín y Viñas, Diego
Fechas asociadas al nombre 1785-1834
Término indicativo de función/relación Anotador
9 (RLIN) 7204
700 1# - PUNTO DE ACCESO ADICIONAL--NOMBRE DE PERSONA
Nombre de persona Viardot, Louis
Fechas asociadas al nombre 1800-1883
Término indicativo de función/relación Biógrafo
9 (RLIN) 7205
700 1# - PUNTO DE ACCESO ADICIONAL--NOMBRE DE PERSONA
Nombre de persona Johannot, Tony
Fechas asociadas al nombre 1803-1852
Término indicativo de función/relación Ilustrador
9 (RLIN) 7206
740 0# - PUNTO DE ACCESO ADICIONAL--TÍTULO RELACIONADO O ANALÍTICO NO CONTROLADO
Título relacionado o analítico no controlado El Ingenioso Hidalgo Don Quijote de la Mancha
902 ## - CATALOGADOR
Iniciales QFM
942 ## - ELEMENTOS DE PUNTO DE ACCESO ADICIONAL (KOHA)
Fuente del sistema de clasificación o colocación Library of Congress Classification
Tipo de ítem Koha Libros
Holdings
Estado de retiro Estado de pérdida Estado dañado No para préstamo Localización permanente Ubicación/localización actual Fecha de adquisición Número de inventario Total de préstamos Signatura topográfica completa Código de barras Fecha visto por última vez Precio válido a partir de Tipo de ítem Koha
El ejemplar forma parte de la colección y puede ser consultado según las políticas vigentes.       Biblioteca del Museo Franz Mayer (Rogerio Casas-Alatriste) Biblioteca del Museo Franz Mayer (Rogerio Casas-Alatriste) 24/11/2008 QM144   144 .P58 1857 (QM144) 2501 22/03/2019 22/03/2019 Libros